এপাচি-মাইএসকিউএল-পিএইচপি সহজপাঠ / (Record no. 11493)
[ view plain ]
| 000 -LEADER | |
|---|---|
| fixed length control field | 00914nam a2200265 a 4500 |
| 001 - CONTROL NUMBER | |
| JCCL Control Number | 11493 |
| 003 - CONTROL NUMBER IDENTIFIER | |
| JCCL marc code | BD-JhCC |
| 005 - DATE AND TIME OF LATEST TRANSACTION | |
| control field | 20191025134007.0 |
| 008 - FIXED-LENGTH DATA ELEMENTS--GENERAL INFORMATION | |
| fixed length control field | 190628b20052015bg a|||| ||a| 000 0 Mul d |
| 020 ## - INTERNATIONAL STANDARD BOOK NUMBER | |
| International Standard Book Number | 9847027700084 |
| 035 ## - SYSTEM CONTROL NUMBER | |
| system control number | (BD-JhCC)11493 |
| 040 ## - CATALOGING SOURCE | |
| Original cataloging agency | BD-JhCC |
| Modifying agency | BD-JhCC |
| 041 ## - LANGUAGE CODE | |
| Language code of Book | Mul |
| 082 ## - DEWEY DECIMAL CLASSIFICATION NUMBER | |
| Author mark and Year | SAR 2015 |
| Classification number | 005.2762 |
| 100 ## - MAIN ENTRY--PERSONAL NAME | |
| Personal name | সরকার, সুহৃদ |
| 245 ## - TITLE STATEMENT | |
| Title | এপাচি-মাইএসকিউএল-পিএইচপি সহজপাঠ / |
| Statement of responsibility, etc | সুহৃদ সরকার । |
| 260 ## - PUBLICATION, DISTRIBUTION, ETC. (IMPRINT) | |
| Place of publication, distribution, etc | ঢাকা: |
| Name of publisher, distributor, etc | জ্ঞানকোষ প্রকাশনী; |
| Date of publication, distribution, etc | ২০১৫. |
| 300 ## - PHYSICAL DESCRIPTION | |
| Pagination | ৫২৪ পৃ. : |
| Other physical details | ill; |
| Dimensions | ২৪ সেমি. |
| 650 ## - SUBJECT ADDED ENTRY--TOPICAL TERM | |
| Topical term or geographic name as entry element | Web site development |
| 650 ## - SUBJECT ADDED ENTRY--TOPICAL TERM | |
| Topical term or geographic name as entry element | PHP (Computer program language) |
| 650 ## - SUBJECT ADDED ENTRY--TOPICAL TERM | |
| Topical term or geographic name as entry element | Apache (Computer file : Apache Group) |
| 650 ## - SUBJECT ADDED ENTRY--TOPICAL TERM | |
| Topical term or geographic name as entry element | SQL (Computer program language) |
| 942 ## - ADDED ENTRY ELEMENTS (KOHA) | |
| Source of classification or shelving scheme | Dewey Decimal Classification |
| Koha item type | Books |
| Koha issues (borrowed), all copies | 2 |
| Source of classification or shelving scheme | Damaged status | Not for loan | Home library | Current library | Shelving location | Date of accession | Cost, normal purchase price | Total Checkouts | Full call number | Barcode | Date last seen | Date checked out | Copy number | Koha item type |
|---|---|---|---|---|---|---|---|---|---|---|---|---|---|---|
| Dewey Decimal Classification | JCC Rouf Library | JCC Rouf Library | General Stacks | 06/28/2019 | 380.00 | 1 | 005.2762 SAR 2015 | 15684 | 10/31/2019 | 10/24/2019 | C-1 | Books |